Gaming Quiz

Random Gaming or Pokémon Quiz

Pokémon Towns and Cities Quiz Stats

 Plays Quiz not verified by Sporcle

Score 0/106 Timer 20:00
0 Plays Today
Region Town/City % Correct
AlolaPo Town
100%
KantoPallet Town
95%
KantoViridian City
95%
KantoVermilion City
95%
KantoSaffron City
95%
HoennSlateport City
95%
AlolaHau'oli City
92.9%
KantoPewter City
92.5%
KantoCerulean City
92.5%
KantoLavender Town
92.5%
KantoCinnabar Island
92.5%
KantoCeladon City
90%
JohtoNew Bark Town
90%
JohtoEcruteak City
90%
HoennLittleroot Town
90%
HoennDewford Town
90%
HoennMauville City
90%
HoennEver Grande City
90%
KantoFuchsia City
87.5%
JohtoViolet City
87.5%
JohtoBlackthorn City
87.5%
HoennOldale Town
87.5%
HoennPetalburg City
87.5%
HoennRustboro City
87.5%
HoennLilycove City
87.5%
HoennSootopolis City
87.5%
SinnohTwinleaf Town
87.5%
UnovaBlack City
87.5%
AlolaKonikoni City
85.7%
JohtoCherrygrove City
85%
JohtoGoldenrod City
85%
JohtoOlivine City
85%
JohtoCianwood City
85%
JohtoMahogany Town
85%
HoennLavaridge Town
85%
HoennFortree City
85%
Region Town/City % Correct
HoennMossdeep City
85%
HoennPacifidlog Town
85%
JohtoAzalea Town
82.5%
HoennVerdanturf Town
82.5%
SinnohHearthome City
82.5%
Kanto (Sevii Islands)One Island
80%
Kanto (Sevii Islands)Two Island
80%
Kanto (Sevii Islands)Three Island
80%
Kanto (Sevii Islands)Four Island
80%
Kanto (Sevii Islands)Five Island
80%
Kanto (Sevii Islands)Six Island
80%
Kanto (Sevii Islands)Seven Island
80%
SinnohOreburgh City
80%
SinnohEterna City
80%
SinnohSunyshore City
80%
AlolaIki Town
78.6%
AlolaSeafolk Village
78.6%
HoennFallarbor Town
77.5%
SinnohSandgem Town
77.5%
SinnohJubilife City
77.5%
SinnohPastoria City
77.5%
SinnohSnowpoint City
77.5%
UnovaDriftveil City
77.5%
SinnohFloaroma Town
75%
SinnohSolaceon Town
75%
SinnohCelestic Town
75%
SinnohCanalave City
75%
UnovaCastelia City
75%
SinnohVeilstone City
72.5%
Sinnoh (Battle Zone)Fight Area
72.5%
UnovaNuvema Town
72.5%
UnovaStriaton City
72.5%
UnovaNimbasa City
72.5%
AlolaHeahea City
71.4%
AlolaTapu Village
71.4%
Sinnoh (Battle Zone)Resort Area
70%
Region Town/City % Correct
UnovaIcirrus City
70%
UnovaVirbank City
70%
KalosLumiose City
70%
Sinnoh (Battle Zone)Survival Area
67.5%
UnovaAccumula Town
67.5%
UnovaNacrene City
67.5%
UnovaOpelucid City
67.5%
UnovaUndella Town
65%
KalosCoumarine City
65%
KalosLaverre City
65%
KalosAnistar City
65%
AlolaPaniola Town
64.3%
AlolaMalie City
64.3%
UnovaAnville Town
62.5%
UnovaMistralton City
60%
UnovaLacunosa Town
60%
UnovaAspertia City
60%
KalosSantalune City
60%
KalosShalour City
60%
KalosDendemille Town
60%
KalosKiloude City
60%
UnovaFloccesy Town
57.5%
KalosVaniville Town
57.5%
KalosCyllage City
57.5%
KalosSnowbelle City
57.5%
UnovaLentimas Town
55%
KalosAquacorde Town
55%
KalosAmbrette Town
55%
KalosGeosenge Town
55%
UnovaHumilau City
52.5%
KalosCouriway Town
52.5%
KalosCamphrier Town
45%
KalosPokémon Village
35%
UnovaVillage Bridge
32.5%

You're not logged in!

Compare scores with friends on all Sporcle quizzes.
OR
Log In

Sporcle TV

Today on Sporcle TV


Watch our educational content, quiz creation guides, and fun videos on Sporcle TV.

Show Comments

Extras

Created Aug 19, 2016ReportNominate
Tags:City Quiz, Pokémon Quiz, region, town

Top Quizzes Today


Score Distribution

Your Account Isn't Verified!

In order to create a playlist on Sporcle, you need to verify the email address you used during registration. Go to your Sporcle Settings to finish the process.

Report this User

Report this user for behavior that violates our Community Guidelines.

Details: